000
00209nam a22000857a 4500
008
170405b xxu||||| |||| 00| 0 eng d
100
_9
3073
_a
CCE
245
_a
Science Sample Papers-X
260
_a
New Delhi
_b
GBP
_c
2010
999
_c
6359
_d
6359